Nové kultúrne centrum Dlhé Hony, Trenčín

Guardado en:
Detalles Bibliográficos
Autor principal: Harčarufková, Zuzana (Autor)
Otros Autores: Topilin, Alexander (Orientador)
Formato: Manuscrito Libro
Lenguaje:eslovaco
Publicado: 2022
Materias:
Acceso en línea:http://is.stuba.sk/zp/portal_zp.pl?podrobnosti=149756
https://opac.crzp.sk/?fn=detailBiblioForm&sid=EC9507141B5FF6F04103CFC822A1
Etiquetas: Agregar Etiqueta
Sin Etiquetas, Sea el primero en etiquetar este registro!

MARC

LEADER 00000ntm a22000003a 4500
001 stuzp88969
003 SK-STU
005 20230503134147.5
007 ta
008 150427s2015----xo-----f-mn---000-0-slo-d
040 |a STU  |b slo 
041 0 |a slo 
100 1 |a Harčarufková, Zuzana  |u 010310  |4 aut  |U SvF Stavebná fakulta  |T SvF Katedra architektúry  |X 98138  |U V181|V310  |Y 19  |7 98138 
242 0 1 |a New cultural center Dlhé Hony, Trenčín  |y eng 
245 1 0 |a Nové kultúrne centrum Dlhé Hony, Trenčín 
260 |c 2022 
650 4 |a Trenčín  |2 slo 
650 4 |a nové kultúrne centrum  |2 slo 
650 4 |a kultúra  |2 slo 
650 4 |a Trenčín  |2 eng 
650 4 |a new cultural center  |2 eng 
650 4 |a culture  |2 eng 
700 1 |a Topilin, Alexander  |u 010310  |k Z3  |4 ths  |U SvF Stavebná fakulta  |T SvF Katedra architektúry  |X 55683  |U V181|V310  |Y 19  |7 55683 
856 4 |u http://is.stuba.sk/zp/portal_zp.pl?podrobnosti=149756 
856 4 |u https://opac.crzp.sk/?fn=detailBiblioForm&sid=EC9507141B5FF6F04103CFC822A1